Statistics for Joel Kinnaman Filmography

Click here to take the quiz!

General Stats

  • This quiz has been taken 7 times
    (3 since last reset)
  • The average score is 23 of 59

Answer Stats

TypeYearName% Correct
Web Series2018-2020Altered Carbon
67%
Film2015Child 44
67%
Film2010Easy Money
67%
Film2012Easy Money II: Hard to Kill
67%
Film2013Easy Money III: Life Deluxe
67%
Web Series2019-PresentFor All Mankind
67%
Web Series2016-2017House of Cards
67%
Film2015Knight of Cups
67%
Film2012Lola Versus
67%
Film2014RoboCop
67%
Film2015Run All Night
67%
Film2012Safe House
67%
Film2023Silent Night
67%
Film2005Storm
67%
Film2016Suicide Squad
67%
Film2023Sympathy for the Devil
67%
Film2011The Girl with the Dragon Tattoo
67%
Film2020The Secrets We Keep
67%
FilmTBAThe Silent Hour
67%
Film2021The Suicide Squad
67%
TV Show2009183 Days
33%
TV Show2008Andra Avenyn
33%
TV Mini-Series2010Arn
33%
Film2016Edge of Winter
33%
Web Series2019-2021Hanna
33%
Film2003Hannah Med H
33%
TV Show2021In Treatment
33%
Film2012Johan Falk - Barninfiltratören
33%
Film2012Johan Falk - De 107 Patrioterna
33%
Film2009Johan Falk - De Fredlösa
33%
Film2009Johan Falk - Gruppen för Särskilda Insatser
33%
Film2012Johan Falk - Kodnamn Lisa
33%
Film2009Johan Falk - Leo Gaut
33%
Film2009Johan Falk - National Target
33%
Film2009Johan Falk - Operation Näktergal
33%
Film2012Johan Falk - Organizatsija Karayan
33%
Film2012Johan Falk - Spelets Regler
33%
Film2009Johan Falk - Vapenbröder
33%
Film2009Simon & Malou
33%
Film2010Snabba Cash
33%
TV Show1990-1991Storstad
33%
FilmTBAThe Beast
33%
Film2011The Darkest Hour
33%
Film2019The Informer
33%
Film2002The Invisible
33%
TV Show2011-2014The Killing
33%
Film2020The Sound of Philadelphia
33%
FilmTBAThey Found Us
33%
TV Show2006Vinnarskallar
33%
Film2008Arn - The Kingdom at Road's End
0%
Film2007Arn - The Knight Templar
0%
Web Series2022Carpool Karaoke
0%
Short Film2006Chiuhuahua
0%
Film2005God Save the King
0%
Commercial2012H&M
0%
Film2009In Your Veins
0%
Film2012Johan Falk - Alla Fåns Moder
0%
Short Film2008Paltalk
0%
TV Show2021Wipeout
0%

Score Distribution

Percentile by Number Answered

Percent of People with Each Score

Your Score History

You have not taken this quiz since the last reset